Windows MS Office internet : Dùng trong giảng dạy và nghiên cứu địa lý
Cuốn sách có thể dùng làm tài liệu tự học cho giáo viên Địa lí Phổ thông trong các dịp bồi dưỡng hè, làm tài liệu công cụ tra cứu về ứng dụng CNTT trong đổi mới phương pháp dạy học Địa lí và soạn các tài liệu bằng Word, Excel, Powerpoint c...
保存先:
| 第一著者: | |
|---|---|
| フォーマット: | 図書 |
| 言語: | Undetermined |
| 出版事項: |
Hà Nội
Đại học Sư phạm
2007
|
| 主題: | |
| タグ: |
タグ追加
タグなし, このレコードへの初めてのタグを付けませんか!
|
| Thư viện lưu trữ: | Trung tâm Học liệu Trường Đại học Cần Thơ |
|---|
| LEADER | 01223nam a2200229Ia 4500 | ||
|---|---|---|---|
| 001 | CTU_152678 | ||
| 008 | 210402s9999 xx 000 0 und d | ||
| 020 | |c 35000 | ||
| 082 | |a 005.74 | ||
| 082 | |b Th312 | ||
| 100 | |a Nguyễn, VIết Thịnh | ||
| 245 | 0 | |a Windows MS Office internet : | |
| 245 | 0 | |b Dùng trong giảng dạy và nghiên cứu địa lý | |
| 245 | 0 | |c Nguyễn Viết Thịnh (chủ biên) ...[et al.] | |
| 260 | |a Hà Nội | ||
| 260 | |b Đại học Sư phạm | ||
| 260 | |c 2007 | ||
| 520 | |a Cuốn sách có thể dùng làm tài liệu tự học cho giáo viên Địa lí Phổ thông trong các dịp bồi dưỡng hè, làm tài liệu công cụ tra cứu về ứng dụng CNTT trong đổi mới phương pháp dạy học Địa lí và soạn các tài liệu bằng Word, Excel, Powerpoint cũng như khai thác Internet trong dạy học Địa lí. | ||
| 650 | |a Geography,Địa lý,Storage and retrieval systems,Hệ thống lưu trữ và truy xuất thông tin | ||
| 650 | |x Study and teaching,Dạy học | ||
| 904 | |i Ái | ||
| 980 | |a Trung tâm Học liệu Trường Đại học Cần Thơ | ||